Nosotros y los otros: reflexión sobre la diversidad humana
Shranjeno v:
| Glavni avtor: | |
|---|---|
| Format: | Knjiga |
| Jezik: | španščina |
| Izdano: |
Ciudad de México
Siglo Veintiuno
2007
|
| Izdaja: | 5a. ed |
| Serija: | Teoría
|
| Teme: | |
| Oznake: |
Označite
Brez oznak, prvi označite!
|
MARC
| LEADER | 00000nam a2200000 a 4500 | ||
|---|---|---|---|
| 001 | UCI6748 | ||
| 003 | CL-VaPUC | ||
| 008 | 080523e20070000MX |||||||||||||||||spa|d | ||
| 020 | |a 9682316553 | ||
| 082 | 0 | 4 | |a 194 |b TOD |2 21 |
| 100 | 0 | |a Todorov, Tzvetan |e author |9 529739 | |
| 245 | 1 | 0 | |a Nosotros y los otros: reflexión sobre la diversidad humana |
| 250 | |a 5a. ed | ||
| 300 | |a 460 p | ||
| 942 | |c BK | ||
| 945 | |d 20080523 00:00:00 |a jtorresc | ||
| 260 | |a Ciudad de México |b Siglo Veintiuno |c 2007 | ||
| 650 | 0 | |a Filosofía francesa |9 255698 | |
| 650 | 0 | |a Etnología |9 258726 | |
| 650 | 7 | |a NACIONALISMO |2 CL-VaPUC |9 529740 | |
| 583 | |a last modification |c 20080523 00:00:00 |k Rodrigo Vera | ||
| 490 | 0 | |a Teoría | |
| 999 | |c 330197 |d 330195 | ||
| 952 | |0 0 |1 0 |4 0 |6 194_000000000000000_TOD_2007 |7 0 |8 A |9 415626 |a BIBHIS |b BIBHIS |d 2019-11-22 |i 4442156 |o 194 TOD 2007 |p 4442156 |r 2025-01-20 |w 2019-11-22 |y BK |k HIS | ||